00509nam a2200133Ia 4500008004100000041000800041082002100049100001700070245003400087260004400121300000900165999001900174952018200193230411s9999 xx 000 0 und d aeng aC/004/SUH/B04996 aSuhail Ahmed aComputer Education for Nurses bFrontline PublicationsaHyderabadc2006 a230p c155537d155537 001040708CaBTINbBTINd2008-03-08eB.J.Medical Co-oprative College Storesg90.00i1805l0oC 004 SUH B04996pBTIN-BK-4996r2023-04-11 00:00:00v77.00w2008-03-08yBKzB04996